[Event "Campalto CIS 54th Serie C12"]
[Site "Campalto"]
[Date "2023.05.21"]
[Round "4.4"]
[White "Liubich, Fabrizio"]
[Black "Stradiotto, Angelo"]
[Result "0-1"]
[WhiteElo "1676"]
[BlackElo "1603"]
[PlyCount "58"]
[EventDate "2023.05.19"]
[EventType "team-tourn"]
[EventRounds "5"]
[EventCountry "ITA"]
[SourceTitle "EXT 2024"]
[Source "ChessBase"]
[SourceDate "2023.10.10"]
[SourceVersion "1"]
[SourceVersionDate "2023.10.10"]
[SourceQuality "1"]
[WhiteTeam "Campalto Zichichi"]
[BlackTeam "Mestre Capa Boys II"]
[WhiteTeamCountry "ITA"]
[BlackTeamCountry "ITA"]

1. d4 d5 2. c4 c6 3. Nc3 Nf6 4. Nf3 dxc4 5. e4 b5 6. b3 b4 7. Na4 cxb3 8. Qxb3 Nxe4 9. Bb2 e6 10. Bd3 Nf6 11. 0-0 Be7 12. Rac1 0-0 13. Ne5 a5 14. Rfd1 Ba6 15. Bb1 Bb5 16. Nc5 Qd5 17. Qh3 Rd8 18. Re1 h6 19. Ne4 Nxe4 20. Rxe4 Nd7 21. Ree1 Bg5 22. Rcd1 Nxe5 23. Rxe5 Qxe5 24. Qf3 Qf4 25. Qb3 Bf6 26. Bc1 Qg4 27. Qc2 Qe2 28. Qh7+ Kf8 29. Bc2 Ke7 0-1

[Event "Campalto CIS 54th Serie C12"]
[Site "Campalto"]
[Date "2023.05.19"]
[Round "1.2"]
[White "Stradiotto, Angelo"]
[Black "Bozzao, Francesco"]
[Result "0-1"]
[WhiteElo "1603"]
[BlackElo "1785"]
[PlyCount "64"]
[EventDate "2023.05.19"]
[EventType "team-tourn"]
[EventRounds "5"]
[EventCountry "ITA"]
[SourceTitle "EXT 2024"]
[Source "ChessBase"]
[SourceDate "2023.10.10"]
[SourceVersion "1"]
[SourceVersionDate "2023.10.10"]
[SourceQuality "1"]
[WhiteTeam "Mestre Capa Boys II"]
[BlackTeam "Mestre Capa Boys"]
[WhiteTeamCountry "ITA"]
[BlackTeamCountry "ITA"]

1. e4 c5 2. Nf3 e6 3. d4 cxd4 4. Nxd4 Nc6 5. a3 Qc7 6. Nc3 a6 7. g3 Nf6 8. Bg2 Bc5 9. Nb3 Be7 10. 0-0 0-0 11. Bf4 d6 12. Qe2 Nd7 13. Rfd1 Nde5 14. Be3 b5 15. Nd2 Na5 16. Nf1 Bb7 17. f4 Nec4 18. Bc1 Rac8 19. Ra2 Bf6 20. Nb1 Rfe8 21. b3 Nb6 22. Ne3 Nc6 23. Ng4 Be7 24. Bb2 d5 25. c4 bxc4 26. Bxg7 Kxg7 27. Qb2+ d4 28. Rxd4 Bc5 29. Kh1 Bxd4 30. Qe2 f5 31. Ne3 cxb3 32. Rd2 Kg8 0-1

[Event "Padova op-B 18th"]
[Site "Padova"]
[Date "2015.12.13"]
[Round "3.17"]
[White "Simonetto, Alessio"]
[Black "Stradiotto, Angelo"]
[Result "1-0"]
[WhiteElo "1890"]
[BlackElo "1681"]
[PlyCount "81"]
[EventDate "2015.12.12"]
[EventType "swiss"]
[EventRounds "6"]
[EventCountry "ITA"]
[SourceTitle "EXT 2024"]
[Source "ChessBase"]
[SourceDate "2023.10.10"]
[SourceVersion "1"]
[SourceVersionDate "2023.10.10"]
[SourceQuality "1"]

1. e4 e5 2. f4 d5 3. exd5 exf4 4. Nf3 Nf6 5. Bb5+ Bd7 6. Bxd7+ Nbxd7 7. c4 Qe7+ 8. Qe2 Qxe2+ 9. Kxe2 0-0-0 10. d4 Bd6 11. c5 Rhe8+ 12. Kd3 Bxc5 13. dxc5 Nxc5+ 14. Kc4 Re4+ 15. Nd4 b5+ 16. Kxc5 Rxd5+ 17. Kb4 a5+ 18. Kb3 Rexd4 19. a4 b4 20. Nd2 Rxd2 21. Bxd2 Rxd2 22. Rhg1 Ng4 23. Rad1 Re2 24. Rde1 Re3+ 25. Kc4 c6 26. Rxe3 Nxe3+ 27. Kd3 Nd5 28. g3 fxg3 29. hxg3 Kd7 30. Rf1 Ke6 31. Kd4 Nb6 32. b3 Nd5 33. Re1+ Kd6 34. Re8 h5 35. Rh8 g6 36. Ra8 Ne7 37. Rxa5 Nf5+ 38. Kc4 Nxg3 39. Kxb4 h4 40. Rg5 Nf5 41. a5 1-0

[Event "Padova op-B 18th"]
[Site "Padova"]
[Date "2015.12.13"]
[Round "2.19"]
[White "Stradiotto, Angelo"]
[Black "Sponchiado, Dario"]
[Result "1/2-1/2"]
[WhiteElo "1681"]
[BlackElo "1829"]
[PlyCount "26"]
[EventDate "2015.12.12"]
[EventType "swiss"]
[EventRounds "6"]
[EventCountry "ITA"]
[SourceTitle "EXT 2024"]
[Source "ChessBase"]
[SourceDate "2023.10.10"]
[SourceVersion "1"]
[SourceVersionDate "2023.10.10"]
[SourceQuality "1"]

1. e4 d6 2. d4 Nf6 3. Nc3 g6 4. f4 Bg7 5. Nf3 c5 6. e5 Ng4 7. Bb5+ Bd7 8. e6 fxe6 9. Ng5 Bxd4 10. Nxe6 Bxb5 11. Nxd8 Bf2+ 12. Kd2 Be3+ 13. Ke1 Bf2+ 1/2-1/2

[Event "Padova op-B 16th"]
[Site "Padova"]
[Date "2013.12.15"]
[Round "2.19"]
[White "Roncato, Antonio"]
[Black "Stradiotto, Angelo"]
[Result "1-0"]
[WhiteElo "1958"]
[BlackElo "1751"]
[PlyCount "57"]
[EventDate "2013.12.14"]
[EventType "swiss"]
[EventRounds "6"]
[EventCountry "ITA"]
[SourceTitle "EXT 2024"]
[Source "ChessBase"]
[SourceDate "2023.10.10"]
[SourceVersion "1"]
[SourceVersionDate "2023.10.10"]
[SourceQuality "1"]

1. d4 Nf6 2. c4 g6 3. Nc3 d5 4. Nf3 Bg7 5. g3 0-0 6. Bg2 c6 7. 0-0 Nbd7 8. b3 dxc4 9. bxc4 Nb6 10. c5 Nbd5 11. Nxd5 Nxd5 12. Bb2 f5 13. e3 b6 14. cxb6 axb6 15. Qb3 e6 16. Rfc1 Bd7 17. Ne5 Bxe5 18. dxe5 Be8 19. a4 Ra5 20. Bf1 h5 21. Re1 Bd7 22. e4 Ne7 23. Bc4 Kf7 24. f3 Ra8 25. Rad1 Qc7 26. Rd6 Rfd8 27. Red1 Bc8 28. Bxe6+ Bxe6 29. Qxe6+ 1-0

[Event "Cipressina op-A 2nd"]
[Site "Venice"]
[Date "2013.11.30"]
[Round "2"]
[White "Stradiotto, Angelo"]
[Black "Zamengo, Bruno"]
[Result "0-1"]
[WhiteElo "1751"]
[BlackElo "1941"]
[PlyCount "72"]
[EventDate "2013.11.29"]
[EventType "swiss"]
[EventRounds "5"]
[EventCountry "ITA"]
[SourceTitle "EXT 2015"]
[Source "ChessBase"]
[SourceDate "2014.11.20"]
[SourceVersion "1"]
[SourceVersionDate "2014.11.20"]
[SourceQuality "1"]

1. e4 e6 2. d4 d5 3. e5 c5 4. dxc5 Nc6 5. Nf3 Bxc5 6. Bd3 Qc7 7. 0-0 Nxe5 8. Bf4 Bd6 9. Bxe5 Bxe5 10. Bb5+ Kf8 11. Nxe5 Qxe5 12. Re1 Qg5 13. Nc3 a6 14. Bf1 g6 15. Qd4 Qf6 16. Re5 Ne7 17. Rae1 Kg7 18. Qc5 Nc6 19. R5e2 Rd8 20. Na4 Bd7 21. Nb6 Rab8 22. c3 Qe7 23. Qe3 Qd6 24. Rd2 Ne7 25. Nc4 Qc7 26. Ne5 Nc6 27. Ng4 f5 28. Qh6+ Kh8 29. Nf6 Bc8 30. Rd3 Qg7 31. Rh3 Qxh6 32. Rxh6 Kg7 33. Rxh7+ Kxf6 34. g4 e5 35. h4 fxg4 36. Rh6 Kg7 0-1

[Event "Cipressina op-A 2nd"]
[Site "Venice"]
[Date "2013.11.29"]
[Round "1"]
[White "Gallo, Enrico"]
[Black "Stradiotto, Angelo"]
[Result "1/2-1/2"]
[WhiteElo "2107"]
[BlackElo "1751"]
[PlyCount "104"]
[EventDate "2013.11.29"]
[EventType "swiss"]
[EventRounds "5"]
[EventCountry "ITA"]
[SourceTitle "EXT 2015"]
[Source "ChessBase"]
[SourceDate "2014.11.20"]
[SourceVersion "1"]
[SourceVersionDate "2014.11.20"]
[SourceQuality "1"]

1. e4 Nf6 2. e5 Ng8 3. d4 d6 4. Nf3 dxe5 5. Nxe5 Nd7 6. Bd3 c5 7. 0-0 cxd4 8. Nxf7 Kxf7 9. Qh5+ g6 10. Bxg6+ hxg6 11. Qxh8 Bg7 12. Qh4 b6 13. c3 Ba6 14. Rd1 d3 15. Bg5 Ngf6 16. Nd2 Qc7 17. Bf4 e5 18. Bg3 Rh8 19. Qb4 Bf8 20. Qb3+ Kg7 21. c4 Nh5 22. Qxd3 Nxg3 23. hxg3 Nf6 24. Ne4 Nxe4 25. Qxe4 Bb7 26. Qg4 Bc8 27. Qg5 Rh5 28. Qd8 Qc5 29. b4 Qc6 30. b5 Qc5 31. Qe8 Bg4 32. Rd8 Rf5 33. Rf1 Qxc4 34. Qd7+ Rf7 35. Qd5 Qxd5 36. Rxd5 Be6 37. Rxe5 Bxa2 38. Ra1 Bc4 39. Ra4 Bb3 40. Rf4 Rd7 41. Re8 Rd1+ 42. Kh2 Bc5 43. Rc8 Rd7 44. f3 Bc2 45. Rh4 Bd3 46. Rch8 Bxb5 47. g4 a5 48. g5 Kf7 49. Rf4+ Kg7 50. Rfh4 Kf7 51. Rf4+ Kg7 52. Rfh4 Kf7 1/2-1/2

[Event "Venice Province-ch 71st"]
[Site "Venice Mestre"]
[Date "2011.11.16"]
[Round "5"]
[White "Stradiotto, Angelo"]
[Black "Pomponio, Stefano"]
[Result "1-0"]
[WhiteElo "1473"]
[BlackElo "1525"]
[PlyCount "45"]
[EventDate "2011.01.14"]
[EventType "swiss"]
[EventRounds "5"]
[EventCountry "ITA"]
[SourceTitle "EXT 2022"]
[Source "ChessBase"]
[SourceDate "2021.10.06"]
[SourceVersion "1"]
[SourceVersionDate "2021.10.06"]
[SourceQuality "1"]

1. e4 e5 2. Nf3 Nc6 3. Bc4 d6 4. Nc3 Bg4 5. Bxf7+ Kxf7 6. d3 Bxf3 7. Qxf3+ Nf6 8. Nd5 Nd4 9. Qd1 Nxd5 10. exd5 Qf6 11. 0-0 h6 12. f4 Ke7 13. fxe5 Qg6 14. e6 c6 15. Rf4 Nf5 16. Qf1 cxd5 17. Rxf5 Qxe6 18. Bd2 Kd7 19. Re1 Qg6 20. d4 Kc6 21. c4 dxc4 22. Qxc4+ Kd7 23. Rf7+ 1-0

[Event "Mogliano Veneto op-B 32nd"]
[Site "Mogliano Veneto"]
[Date "2011.04.30"]
[Round "3"]
[White "Stradiotto, Angelo"]
[Black "Bortolotto, Denzio"]
[Result "0-1"]
[WhiteElo "1506"]
[BlackElo "1751"]
[PlyCount "92"]
[EventDate "2011.04.29"]
[EventType "swiss"]
[EventRounds "5"]
[EventCountry "ITA"]
[SourceTitle "EXT 2024"]
[Source "ChessBase"]
[SourceDate "2023.10.10"]
[SourceVersion "1"]
[SourceVersionDate "2023.10.10"]
[SourceQuality "1"]

1. Nf3 b6 2. e4 Bb7 3. Nc3 e6 4. d4 Bb4 5. Bd3 c5 6. Qe2 cxd4 7. Nxd4 Ne7 8. 0-0 Bxc3 9. bxc3 Ng6 10. e5 0-0 11. f4 d6 12. Ba3 dxe5 13. Bxf8 exd4 14. Ba3 dxc3 15. Rf2 Nc6 16. Rd1 Qf6 17. f5 exf5 18. Bxf5 Nd4 19. Qg4 Nxf5 20. Rxf5 Bc8 21. Rxf6 Bxg4 22. Rd4 gxf6 23. Rxg4 Rc8 24. h4 h5 25. Rg3 Rc4 26. Be7 f5 27. Bf6 f4 28. Rg5 Rc5 29. Rxc5 bxc5 30. Kf2 Kf8 31. g3 Ke8 32. Bxc3 Kd7 33. Kf3 fxg3 34. Kxg3 Ke6 35. Bd2 a6 36. a4 Ke5 37. Bc3+ Ke4 38. Bf6 c4 39. Kf2 Ne5 40. Ke2 Nf3 41. c3 Kf4 42. Kf2 Kg4 43. Ke3 Nxh4 44. Bxh4 Kxh4 45. Kf4 a5 46. Kf5 Kg3 0-1

[Event "Venice Province-ch 71st"]
[Site "Venice Mestre"]
[Date "2011.01.15"]
[Round "2"]
[White "Stradiotto, Angelo"]
[Black "Aprile, Martino"]
[Result "0-1"]
[WhiteElo "1473"]
[BlackElo "1874"]
[PlyCount "92"]
[EventDate "2011.01.14"]
[EventType "swiss"]
[EventRounds "5"]
[EventCountry "ITA"]
[SourceTitle "EXT 2022"]
[Source "ChessBase"]
[SourceDate "2021.10.06"]
[SourceVersion "1"]
[SourceVersionDate "2021.10.06"]
[SourceQuality "1"]

1. Nf3 Nf6 2. d4 e6 3. c4 d5 4. Bg5 h6 5. Bxf6 Qxf6 6. e3 Bb4+ 7. Nc3 0-0 8. a3 Bxc3+ 9. bxc3 dxc4 10. Bxc4 c5 11. 0-0 cxd4 12. cxd4 Bd7 13. Ne5 Rd8 14. Rb1 b6 15. f4 Nc6 16. Nxd7 Rxd7 17. Qf3 Rc8 18. Bb5 Rdc7 19. Ba6 Rd8 20. Rbc1 Rd5 21. Kh1 Qe7 22. Rc3 Nb8 23. Bc4 b5 24. e4 b4 25. Rd3 Ra5 26. axb4 Qxb4 27. Rb3 Qxc4 28. Rxb8+ Kh7 29. Rd1 Qc2 30. d5 Rc3 31. Qg4 Qxe4 32. d6 Rd5 33. d7 Rxd7 34. Rbb1 Re3 35. h3 Rdd3 36. Rxd3 Qxd3 37. Rd1 Qe4 38. Rd2 Rxh3+ 39. Qxh3 Qe1+ 40. Kh2 Qxd2 41. f5 Qf4+ 42. g3 Qxf5 43. g4 Qf4+ 44. Kg2 e5 45. Qd3+ e4 46. Qh3 e3 0-1

[Event "Mogliano Veneto op-C 31st"]
[Site "Mogliano Veneto"]
[Date "2010.05.01"]
[Round "3"]
[White "Caoduro, Giacomo"]
[Black "Stradiotto, Angelo"]
[Result "1/2-1/2"]
[WhiteElo "1452"]
[BlackElo "1461"]
[PlyCount "105"]
[EventDate "2010.04.30"]
[EventType "swiss"]
[EventRounds "5"]
[EventCountry "ITA"]
[SourceTitle "EXT 2023"]
[Source "ChessBase"]
[SourceDate "2022.10.05"]
[SourceVersion "1"]
[SourceVersionDate "2022.10.05"]
[SourceQuality "1"]

1. d4 Nf6 2. c4 g6 3. Nc3 d5 4. Bf4 Bg7 5. e3 Bf5 6. Bd3 Bxd3 7. Qxd3 c6 8. Nf3 0-0 9. 0-0 Nbd7 10. Rfe1 Nh5 11. Bg3 Nxg3 12. hxg3 e6 13. Nd2 c5 14. cxd5 exd5 15. Nxd5 cxd4 16. exd4 Qg5 17. Ne3 Rfd8 18. Nf3 Qa5 19. Qc3 Qb5 20. a4 Qb6 21. b4 Rac8 22. Qd2 Ne5 23. Nxe5 Bxe5 24. Nc2 Bxd4 25. Nxd4 Rxd4 26. Qb2 Rxb4 27. Qe5 Rb2 28. Qf4 Rd8 29. Re4 Rd5 30. Rf1 Rf5 31. Qh6 Qc6 32. Rfe1 Rb1 33. Rxb1 Qxe4 34. Rc1 Qe6 35. Rd1 Rd5 36. Rxd5 Qxd5 37. Qf4 a6 38. Kh2 b5 39. axb5 axb5 40. Qb4 Qc4 41. Qe7 Kg7 42. Qe5+ f6 43. Qe7+ Qf7 44. Qc5 Qb7 45. Qb4 f5 46. Kh3 Kf7 47. Qb3+ Ke7 48. Qb4+ Kd7 49. Qd4+ Kc7 50. Qc5+ Kb8 51. Qd6+ Ka7 52. Qa3+ Kb6 53. Qe3+ 1/2-1/2